[Event "PRO League Group Stage"]
[Site "chess.com INT"]
[Date "2019.03.06"]
[Round "9"]
[White "Azarov, Sergei"]
[Black "Haria, Ravi"]
[Result "1-0"]
[WhiteTitle "GM"]
[BlackTitle "IM"]
[WhiteElo "2575"]
[BlackElo "2450"]
[WhiteTeam "New York Marshalls"]
[BlackTeam "London Lions"]
[WhiteFideId "13501470"]
[BlackFideId "415820"]
[EventDate "2019.01.08"]

1. e4 e6 2. d4 d5 3. Nd2 Nc6 4. Ngf3 Nf6 5. e5 Nd7 6. Be2 f6 7. exf6 Qxf6 8. Nf1
Bd6 9. Ne3 g6 10. O-O Qg7 11. c4 Nf6 12. Qb3 O-O 13. cxd5 exd5 14. Nxd5 Nxd5 15.
Qxd5+ Kh8 16. Be3 Bf5 17. Qb3 Rae8 18. Rfd1 Nb4 19. Rac1 Be4 20. d5 Kg8 21. Bc5
Bxf3 22. Bxf3 Na6 23. Bd4 Qh6 24. g3 b6 25. Bg4 Nc5 26. Rxc5 bxc5 27. Be6+ Rf7
28. Be3 Qh5 29. Rc1 Qf3 30. Bxf7+ Kxf7 31. Bxc5 Qxb3 32. axb3 Re7 33. Bxd6 cxd6
34. Rc6 Rd7 35. Kg2 Ke7 36. h4 h5 37. Kf3 Rb7 38. Kf4 Rxb3 39. Kg5 Rxb2 40. Kxg6
a5 41. Kxh5 Rb5 42. Kg6 Rxd5 43. h5 Rd2 44. f4 Rg2 45. Rc3 d5 46. h6 Kd6 47. h7
Rh2 48. Kg7 d4 49. Ra3 1-0

[Event "PRO League Group Stage"]
[Site "chess.com INT"]
[Date "2019.03.06"]
[Round "9"]
[White "Bloomer, Josh"]
[Black "Eljanov, Pavel"]
[Result "0-1"]
[BlackTitle "GM"]
[WhiteElo "1950"]
[BlackElo "2680"]
[WhiteTeam "Saint Louis Arch Bishops"]
[BlackTeam "Miami Champions"]
[WhiteFideId "2020416"]
[BlackFideId "14102951"]
[EventDate "2019.01.08"]

1. e4 c6 2. Nf3 d5 3. Nc3 Bg4 4. h3 Bxf3 5. Qxf3 e6 6. d3 Nd7 7. Bd2 Qb6 8.
O-O-O d4 9. Ne2 Bb4 10. c3 dxc3 11. Bxc3 Bxc3 12. Nxc3 Qd4 13. Qg3 Ne7 14. Ne2
Qf6 15. d4 O-O 16. Nc3 Rfd8 17. Qe3 b5 18. Be2 Nb6 19. g4 Ng6 20. e5 Qf4 21.
Qxf4 Nxf4 22. Bf3 Nbd5 23. Bxd5 Nxd5 24. Ne4 Nf4 25. Nd6 f6 26. h4 fxe5 27. dxe5
Ng6 28. Rhe1 Nxh4 29. Kb1 Rf8 30. Re2 Rf4 31. Rc1 Nf3 32. Re3 Nd4 33. Rd1 Rxg4
34. Red3 Nf5 35. Rc3 Rd4 36. Rxd4 Nxd4 37. Rd3 Nf5 38. Rc3 Nxd6 39. exd6 Rc8 40.
Kc2 Kf7 41. Kd3 e5 42. Ke4 Ke6 43. Rg3 g6 44. Rh3 Rf8 0-1

[Event "PRO League Group Stage"]
[Site "chess.com INT"]
[Date "2019.03.06"]
[Round "9"]
[White "Ramirez, Alejandro"]
[Black "Iturrizaga Bonelli, Eduardo"]
[Result "0-1"]
[WhiteTitle "GM"]
[BlackTitle "GM"]
[WhiteElo "2567"]
[BlackElo "2637"]
[WhiteTeam "Saint Louis Arch Bishops"]
[BlackTeam "Miami Champions"]
[WhiteFideId "6500617"]
[BlackFideId "3901211"]
[EventDate "2019.01.08"]

1. b3 e6 2. Bb2 Nf6 3. c4 g6 4. g3 Bg7 5. Bg2 O-O 6. Nf3 b6 7. O-O Bb7 8. d4 c5
9. dxc5 bxc5 10. Qc2 Qe7 11. Nc3 Nc6 12. a3 Rfd8 13. Rfd1 Rac8 14. Rac1 d6 15.
Na2 Qc7 16. Bc3 Nb8 17. Qb2 Nbd7 18. Rc2 Rb8 19. Nc1 a5 20. Qa1 Be4 21. Rcd2 d5
22. cxd5 exd5 23. e3 a4 24. b4 d4 25. exd4 cxb4 26. Bxb4 Qb7 27. Ne1 Bxg2 28.
Nxg2 Ne4 29. Re2 Ne5 30. Qa2 Nf3+ 31. Kh1 Nxd4 32. Ree1 Rbc8 33. Rf1 h5 34. Ne2
Nf3 35. Nef4 Rxd1 36. Rxd1 Bd4 37. Nd3 h4 38. Qe2 h3 39. Ngf4 Re8 40. Qxf3 Nxf2+ 0-1

[Event "PRO League Group Stage"]
[Site "chess.com INT"]
[Date "2019.03.06"]
[Round "9"]
[White "Wang, Tianqi"]
[Black "So, Wesley"]
[Result "0-1"]
[BlackTitle "GM"]
[WhiteElo "2329"]
[BlackElo "2765"]
[WhiteTeam "Miami Champions"]
[BlackTeam "Saint Louis Arch Bishops"]
[WhiteFideId "2063824"]
[BlackFideId "5202213"]
[EventDate "2019.01.08"]

1. Nf3 d5 2. c4 d4 3. b4 f6 4. Bb2 e5 5. c5 a5 6. a3 axb4 7. axb4 Rxa1 8. Bxa1
Nc6 9. Qb3 e4 10. b5 Na5 11. Qa4 exf3 12. Qxa5 fxg2 13. Bxg2 Bxc5 14. O-O Ne7
15. Rc1 Qd6 16. Qa4 b6 17. d3 Qe5 18. e3 Qg5 19. Bxd4 Bb7 20. f3 Bxf3 21. Rc2
Bxd4 22. Qxd4 Nf5 23. Qf4 Qxf4 24. exf4 Bxg2 25. Rxg2 Kd7 26. Nc3 Ra8 0-1

[Event "PRO League Group Stage"]
[Site "chess.com INT"]
[Date "2019.03.06"]
[Round "9"]
[White "Zhigalko, Sergei"]
[Black "Horton, Andrew P"]
[Result "0-1"]
[WhiteTitle "GM"]
[BlackTitle "IM"]
[WhiteElo "2604"]
[BlackElo "2388"]
[WhiteTeam "New York Marshalls"]
[BlackTeam "London Lions"]
[WhiteFideId "13502956"]
[BlackFideId "424269"]
[EventDate "2019.01.08"]

1. e4 e5 2. Nf3 Nc6 3. Bb5 a6 4. Ba4 Nf6 5. O-O Be7 6. Re1 b5 7. Bb3 d6 8. c3
O-O 9. h3 Nb8 10. d4 Nbd7 11. Nbd2 Bb7 12. Bc2 Re8 13. Nf1 Bf8 14. Ng3 g6 15. b3
c5 16. d5 a5 17. a4 b4 18. c4 Bc8 19. Be3 Bg7 20. Qd2 Nf8 21. Rf1 Ra7 22. Rae1
h5 23. Re2 N8h7 24. Rb1 Rb7 25. Kf1 Kf8 26. Ke1 Ke7 27. Kd1 Kd7 28. Kc1 Kc7 29.
Kb2 Kb6 30. Rg1 Ng8 31. Ree1 f5 32. Bg5 Bf6 33. Bxf6 Qxf6 34. Ref1 f4 35. Ne2 g5
36. Ne1 g4 37. hxg4 hxg4 38. f3 g3 39. Nc1 Ng5 40. Bd1 Rh7 41. Ncd3 Ne7 42. Bc2
Reh8 43. Qe2 Rh2 44. Kb1 Bd7 45. Qd1 Be8 46. Nc1 Bg6 47. Bd3 Ng8 48. Qc2 Qg7 49.
Ne2 Nf6 50. Kc1 R8h4 51. Kb1 Qh7 52. Kc1 Qh5 53. Qd1 Qh8 54. Qc2 Qh7 55. Qb1 Rh1
56. Kb2 Rxg1 57. Rxg1 Rh2 58. Ka1 Rh1 59. Nc2 Rxg1 60. Nxg1 Qh1 61. Qf1 Bh5 62.
Kb2 Qh2 63. Ne1 Nfh7 64. Kc1 Nf8 65. Be2 Be8 66. Kd2 Ng6 67. Kd3 Bd7 68. Kd2 Nh4
69. Kd3 Nxg2 70. Qxg2 Nh3 71. Bf1 Nxg1 72. Qxh2 gxh2 73. Bg2 Bh3 74. Bh1 Bf1+
75. Kd2 Nh3 0-1

[Event "PRO League Group Stage"]
[Site "chess.com INT"]
[Date "2019.03.06"]
[Round "9"]
[White "Edouard, Romain"]
[Black "Azarov, Sergei"]
[Result "1-0"]
[WhiteTitle "GM"]
[BlackTitle "GM"]
[WhiteElo "2643"]
[BlackElo "2575"]
[WhiteTeam "London Lions"]
[BlackTeam "New York Marshalls"]
[WhiteFideId "633429"]
[BlackFideId "13501470"]
[EventDate "2019.01.08"]

1. d4 Nf6 2. c4 e6 3. Nc3 Bb4 4. Nf3 O-O 5. Bg5 c5 6. e3 h6 7. Bh4 cxd4 8. exd4
d5 9. cxd5 exd5 10. Be2 g5 11. Bg3 Ne4 12. Rc1 Nc6 13. O-O Bxc3 14. bxc3 f5 15.
Be5 g4 16. Ne1 Nxe5 17. dxe5 Be6 18. Nd3 Qg5 19. f3 gxf3 20. Bxf3 Qe3+ 21. Kh1
Rac8 22. Nb4 Rxc3 23. Rxc3 Qxc3 24. Nxd5 Qxe5 25. Bxe4 Qxe4 26. Ne7+ Kf7 27. Re1
Qg4 28. Qd6 Bxa2 29. Ng6 1-0

[Event "PRO League Group Stage"]
[Site "chess.com INT"]
[Date "2019.03.06"]
[Round "9"]
[White "Haria, Ravi"]
[Black "Samadashvili, Martha"]
[Result "1-0"]
[WhiteTitle "IM"]
[BlackTitle "WFM"]
[WhiteElo "2450"]
[BlackElo "2106"]
[WhiteTeam "London Lions"]
[BlackTeam "New York Marshalls"]
[WhiteFideId "415820"]
[BlackFideId "2097478"]
[EventDate "2019.01.08"]

1. Nf3 d5 2. g3 Nf6 3. Bg2 c6 4. c4 Bg4 5. Ne5 Bf5 6. cxd5 cxd5 7. Nc3 e6 8. g4
Bg6 9. h4 h5 10. Nxg6 fxg6 11. g5 Nfd7 12. Qc2 Kf7 13. Nxd5 exd5 14. Bxd5+ Ke7
15. Qe4+ Kd6 16. Bxb7 Nc5 17. Qd5+ Kc7 18. Qxd8+ Kxd8 19. Bxa8 Bd6 20. d4 Ne6
21. e3 Re8 22. Kf1 Na6 23. Bd2 Ke7 24. Be4 Kf7 25. Bd3 Nb4 26. Bxb4 Bxb4 27. Rc1
Rf8 28. Rh3 1-0

[Event "PRO League Group Stage"]
[Site "chess.com INT"]
[Date "2019.03.06"]
[Round "9"]
[White "Sai, Krishna G V"]
[Black "Barbosa, Oliver"]
[Result "1-0"]
[WhiteTitle "IM"]
[BlackTitle "GM"]
[WhiteElo "2409"]
[BlackElo "2552"]
[WhiteTeam "Montreal Chessbrahs"]
[BlackTeam "Montclair Sopranos"]
[WhiteFideId "5028280"]
[BlackFideId "5201640"]
[EventDate "2019.01.08"]

1. e4 c6 2. Nc3 d5 3. Nf3 Bg4 4. h3 Bh5 5. d4 e6 6. Bd3 Nf6 7. e5 Nfd7 8. g4 Bg6
9. Bxg6 hxg6 10. Ne2 c5 11. c3 Nc6 12. Kf1 Be7 13. Kg2 Qb6 14. a3 cxd4 15. cxd4
Na5 16. b4 Nc4 17. Nf4 a5 18. Qa4 Qa7 19. b5 Ndb6 20. Qc2 Kd7 21. a4 Rac8 22.
Qe2 Kc7 23. Nd3 Nd7 24. Bf4 Kb8 25. h4 Ka8 26. Be3 Qb8 27. Ng5 Rcf8 28. Bd2 Qa7
29. Bc3 Bd8 30. Nc1 Bb6 31. Nb3 Qb8 32. Qe1 Qd8 33. f4 Qc7 34. Rc1 Qd8 35. Rh3
Bc7 36. Rc2 Bb6 37. Rc1 Bc7 38. Rc2 b6 39. Nd2 Qe7 40. Nxc4 dxc4 41. Qe4+ Ka7
42. d5 Nc5 43. Qxc4 exd5 44. Qxd5 f6 45. Ne4 Rd8 46. Qc6 Ne6 47. Bd2 Bb8 48. Be3
Nd4 49. Bxd4 Rxd4 50. Nd6 fxe5 51. Nc8+ Rxc8 52. Qxc8 exf4 53. Qa6# 1-0

[Event "PRO League Group Stage"]
[Site "chess.com INT"]
[Date "2019.03.06"]
[Round "9"]
[White "Checa, Nicolas"]
[Black "Noritsyn, Nikolay"]
[Result "1/2-1/2"]
[WhiteTitle "IM"]
[BlackTitle "IM"]
[WhiteElo "2508"]
[BlackElo "2484"]
[WhiteTeam "Montclair Sopranos"]
[BlackTeam "Montreal Chessbrahs"]
[WhiteFideId "2069342"]
[BlackFideId "2604922"]
[EventDate "2019.01.08"]

1. d4 e6 2. Nf3 d5 3. c4 c6 4. e3 Nf6 5. b3 c5 6. cxd5 Nxd5 7. Bb2 cxd4 8. Nxd4
Bb4+ 9. Nd2 O-O 10. a3 Be7 11. Qc2 Bd7 12. Bd3 h6 13. Bh7+ Kh8 14. Be4 Nc6 15.
Bxd5 exd5 16. O-O Rc8 17. Qd3 Ne5 18. Qe2 Qb6 19. Rfc1 Kg8 20. h3 Rfe8 21. N2f3
Nc6 22. b4 a6 23. Nxc6 Bxc6 24. Bd4 Qd8 25. Qb2 Bf8 26. Bc5 Bb5 27. Bxf8 Rxf8
28. Rxc8 Qxc8 29. Rc1 Qd7 30. Qd4 Rd8 31. Qb6 Rc8 32. Rxc8+ Qxc8 33. Kh2 Qb8+
34. Kg1 Qc8 35. Nd4 Bd3 36. Qc5 Qxc5 37. bxc5 Kf8 38. f3 Ke7 39. Kf2 Kd7 40. h4
Kc7 41. Ke1 b6 42. Kd2 Bb1 43. cxb6+ Kxb6 44. Kc3 a5 45. Kb2 Bd3 46. Kc3 Bb1 47.
g4 Kc5 48. Ne2 g5 49. hxg5 hxg5 50. Nd4 Bg6 51. a4 f6 52. Nb3+ Kb6 53. Kd4 Bc2
54. Nc5 Kc6 55. f4 Bd1 56. fxg5 fxg5 57. e4 dxe4 58. Nxe4 Bxg4 59. Nxg5 Bd1 60.
Kc3 Bxa4 61. Ne6 Bb5 62. Kb2 Bc4 63. Ka1 Bxe6 64. Kb2 Kc5 65. Ka1 Kb4 66. Kb2 a4
67. Ka1 a3 68. Kb1 a2+ 69. Ka1 Ka3 1/2-1/2

[Event "PRO League Group Stage"]
[Site "chess.com INT"]
[Date "2019.03.06"]
[Round "9"]
[White "Bartell, Thomas"]
[Black "Saric, Ivan"]
[Result "1/2-1/2"]
[WhiteTitle "IM"]
[BlackTitle "GM"]
[WhiteElo "2353"]
[BlackElo "2690"]
[WhiteTeam "Montclair Sopranos"]
[BlackTeam "Montreal Chessbrahs"]
[WhiteFideId "2017849"]
[BlackFideId "14508150"]
[EventDate "2019.01.08"]

1. d4 Nf6 2. c4 e6 3. Nf3 a6 4. Nc3 d5 5. cxd5 exd5 6. Bg5 Be6 7. e3 Nbd7 8. Bd3
c6 9. Ne5 h6 10. Bh4 Be7 11. f4 Nxe5 12. fxe5 Ne4 13. Bxe7 Nxc3 14. bxc3 Qxe7
15. O-O O-O 16. Bc2 f5 17. exf6 Rxf6 18. Qd3 g6 19. Rxf6 Qxf6 20. Qxg6+ Qxg6 21.
Bxg6 b5 22. Bd3 a5 23. a3 Kf7 24. Kf2 Ke7 25. e4 dxe4 26. Bxe4 Kd6 27. Bf3 Bd5
28. Re1 Bxf3 29. gxf3 Kd5 30. Re5+ Kc4 31. Rc5+ Kb3 32. Rxc6 Kxa3 33. Rb6 b4 34.
cxb4 axb4 35. Ke3 b3 36. d5 b2 37. d6 Ka2 38. Kd4 b1=Q 39. Rxb1 Kxb1 40. f4 Ra2
41. h4 Rd2+ 42. Ke5 Re2+ 43. Kd5 Rd2+ 44. Ke6 Re2+ 45. Kf6 Rd2 46. Ke6 Re2+ 47.
Kf6 Rd2 48. Ke6 Re2+ 1/2-1/2

[Event "PRO League Group Stage"]
[Site "chess.com INT"]
[Date "2019.03.06"]
[Round "9"]
[White "Eljanov, Pavel"]
[Black "Ramirez, Alejandro"]
[Result "1-0"]
[WhiteTitle "GM"]
[BlackTitle "GM"]
[WhiteElo "2680"]
[BlackElo "2567"]
[WhiteTeam "Miami Champions"]
[BlackTeam "Saint Louis Arch Bishops"]
[WhiteFideId "14102951"]
[BlackFideId "6500617"]
[EventDate "2019.01.08"]

1. Nf3 d5 2. g3 g6 3. Bg2 Bg7 4. d4 Nd7 5. O-O Ngf6 6. a4 a5 7. c4 dxc4 8. Qc2
Nb6 9. e4 O-O 10. Rd1 c6 11. Na3 Be6 12. h3 Qc8 13. Kh2 Rd8 14. Be3 c3 15. bxc3
Nc4 16. Nxc4 Bxc4 17. Ne5 Ba6 18. c4 Nd7 19. Nxd7 Qxd7 20. e5 f6 21. f4 fxe5 22.
fxe5 Qe6 23. Rac1 Rf8 24. h4 Qf5 25. Qxf5 gxf5 26. Bf4 e6 27. d5 cxd5 28. cxd5
exd5 29. Bxd5+ Kh8 30. Rc7 Rad8 31. e6 Rfe8 32. e7 Ra8 33. Bf7 Bf6 34. Bxe8 Rxe8
35. Rd8 1-0

[Event "PRO League Group Stage"]
[Site "chess.com INT"]
[Date "2019.03.06"]
[Round "9"]
[White "Iturrizaga Bonelli, Eduardo"]
[Black "Bloomer, Josh"]
[Result "1-0"]
[WhiteTitle "GM"]
[WhiteElo "2637"]
[BlackElo "1950"]
[WhiteTeam "Miami Champions"]
[BlackTeam "Saint Louis Arch Bishops"]
[WhiteFideId "3901211"]
[BlackFideId "2020416"]
[EventDate "2019.01.08"]

1. c4 e5 2. g3 c6 3. Nf3 e4 4. Nd4 d5 5. cxd5 Qxd5 6. Nc2 Nf6 7. Bg2 Qh5 8. h3
Bc5 9. Nc3 Bf5 10. b4 Bb6 11. Bb2 O-O 12. Na4 Nbd7 13. Nxb6 axb6 14. Ne3 Be6 15.
a3 b5 16. Qc2 Rfe8 17. Bxe4 Nxe4 18. Qxe4 Bd5 19. Qd4 Ne5 20. g4 Qg6 21. O-O
Rad8 22. Qf4 Nc4 23. Bc3 f6 24. Kh2 Re7 25. d3 Nxe3 26. fxe3 Rde8 27. Bd4 Rd7
28. Rg1 h6 29. a4 bxa4 30. Rxa4 Bf7 31. Rga1 Bd5 32. Ra8 Re7 33. e4 Bf7 34. Bc5
Rxa8 35. Rxa8+ Re8 36. Rb8 b5 37. Rb7 h5 38. Kg3 hxg4 39. hxg4 Re5 40. Bd4 Rg5
41. Rb8+ Kh7 42. Rf8 Be6 43. Qb8 Rxg4+ 44. Kf3 Qg5 45. Be3 Qe5 46. Rh8+ Kg6 47.
Qe8+ Bf7 48. Qxe5 1-0

[Event "PRO League Group Stage"]
[Site "chess.com INT"]
[Date "2019.03.06"]
[Round "9"]
[White "Caruana, Fabiano"]
[Black "Wang, Tianqi"]
[Result "1-0"]
[WhiteTitle "GM"]
[WhiteElo "2828"]
[BlackElo "2329"]
[WhiteTeam "Saint Louis Arch Bishops"]
[BlackTeam "Miami Champions"]
[WhiteFideId "2020009"]
[BlackFideId "2063824"]
[EventDate "2019.01.08"]

1. e4 c6 2. d4 d5 3. exd5 cxd5 4. Bd3 Nc6 5. c3 Nf6 6. h3 e6 7. Bf4 Bd6 8. Bxd6
Qxd6 9. Nf3 Ne4 10. O-O O-O 11. Re1 f5 12. Nbd2 Bd7 13. Nf1 a6 14. N3d2 Rae8 15.
Bc2 Nb8 16. f3 Nf6 17. a4 Nc6 18. Ne3 b5 19. axb5 axb5 20. b4 g6 21. Nb3 e5 22.
Ra6 e4 23. fxe4 Nxe4 24. Bxe4 fxe4 25. Qe2 Qg3 26. Nc5 Nb8 27. Raa1 Bxh3 28. Rf1
Nd7 29. Nxd5 Bg4 30. Qe3 Qd6 31. Qg5 Be2 32. Rxf8+ Rxf8 33. Nxd7 Rf5 34. Ne7+ 1-0

[Event "PRO League Group Stage"]
[Site "chess.com INT"]
[Date "2019.03.06"]
[Round "9"]
[White "Grabinsky, Aaron"]
[Black "Postny, Evgeny"]
[Result "1/2-1/2"]
[BlackTitle "GM"]
[WhiteElo "2350"]
[BlackElo "2623"]
[WhiteTeam "Webster Windmills"]
[BlackTeam "Pittsburgh Pawngrabbers"]
[WhiteFideId "2087090"]
[BlackFideId "2804344"]
[EventDate "2019.01.08"]

1. e4 e5 2. Nf3 Nc6 3. Bc4 Nf6 4. d3 Be7 5. c3 d6 6. Bb3 O-O 7. h3 Na5 8. Bc2 c5
9. O-O Nc6 10. Re1 Re8 11. Nbd2 Bf8 12. a4 g6 13. Nc4 Bg7 14. Bg5 h6 15. Bxf6
Bxf6 16. Ne3 Bg7 17. Bb3 Rf8 18. Nc2 Kh7 19. d4 exd4 20. cxd4 Qb6 21. Qd3 cxd4
22. Qb5 Be6 23. Bd5 Rac8 24. Rad1 Qxb5 25. axb5 Ne7 26. Ncxd4 Bxd5 27. exd5 Nxd5
28. Nf5 gxf5 29. Rxd5 Rc5 30. Rxc5 dxc5 31. Re7 Bxb2 32. Rxb7 c4 33. Rxa7 Bf6
34. Rc7 c3 35. b6 Rb8 36. b7 c2 37. Rxf7+ Kg6 38. Rc7 Rxb7 39. Rxc2 Rb6 40. g3
h5 41. Rc4 Ra6 42. Kg2 Rb6 43. Ne1 Rd6 44. h4 Bg7 45. Nf3 Bf6 46. Ng1 Bg7 47.
Ne2 Bh6 48. Kf3 Rd3+ 49. Kg2 Rd6 50. Nd4 f4 51. Kf3 fxg3 52. fxg3 Rf6+ 53. Ke4
Bf8 54. Nf3 Bd6 55. Ne5+ Bxe5 56. Kxe5 Rf3 57. Rc6+ Kg7 58. Rc7+ Kg6 59. Rc8 Kg7
60. Rc7+ Kg6 1/2-1/2

[Event "PRO League Group Stage"]
[Site "chess.com INT"]
[Date "2019.03.06"]
[Round "9"]
[White "Escalante Ramirez, Brian Sebasti"]
[Black "Liang, Awonder"]
[Result "0-1"]
[WhiteTitle "IM"]
[BlackTitle "GM"]
[WhiteElo "2446"]
[BlackElo "2589"]
[WhiteTeam "Webster Windmills"]
[BlackTeam "Pittsburgh Pawngrabbers"]
[WhiteFideId "3819566"]
[BlackFideId "2056437"]
[EventDate "2019.01.08"]

1. e4 e5 2. Nf3 Nc6 3. d4 exd4 4. Nxd4 Nf6 5. Nxc6 bxc6 6. Qe2 d6 7. Bg5 Rb8 8.
Nc3 h6 9. Bh4 g5 10. Bg3 Bg7 11. O-O-O Be6 12. h4 g4 13. h5 Nd7 14. Qd2 Qf6 15.
Re1 O-O 16. f4 gxf3 17. gxf3 Rxb2 18. Kxb2 Rb8+ 19. Kc1 Qxc3 20. Qxc3 Bxc3 21.
Re3 Bd4 22. Rd3 Bb2+ 23. Kd2 Nc5 24. Re3 Bxa2 25. Bh3 Bd4 26. Re2 Bc4 27. Rg2
Kh8 28. Bf2 Bxf2 29. Rxf2 a5 30. Rg2 a4 31. Kc3 Be6 32. Bxe6 Nxe6 33. Ra1 Ra8
34. Rg4 c5 35. e5 Nd4 36. exd6 cxd6 37. Kd3 a3 38. Rf4 Kg7 39. Ra2 Ne6 40. Rg4+
Kf6 41. c3 d5 42. Rg1 Nf4+ 43. Ke3 Kf5 44. Rga1 Re8+ 45. Kf2 Nd3+ 46. Kf1 Kf4
47. Rd2 c4 48. Rxa3 Re1+ 49. Kg2 Ke3 50. Raa2 Nf4+ 51. Kh2 Kxf3 52. Rd4 Re5 53.
Rd1 Rxh5+ 54. Kg1 Ne2+ 55. Rxe2 Kxe2 56. Rf1 Rg5+ 0-1

[Event "PRO League Group Stage"]
[Site "chess.com INT"]
[Date "2019.03.06"]
[Round "9"]
[White "Balakrishnan, Praveen"]
[Black "Ashwin, Jayaram"]
[Result "1-0"]
[WhiteTitle "IM"]
[BlackTitle "GM"]
[WhiteElo "2418"]
[BlackElo "2500"]
[WhiteTeam "Pittsburgh Pawngrabbers"]
[BlackTeam "Webster Windmills"]
[WhiteFideId "2064871"]
[BlackFideId "5018137"]
[EventDate "2019.01.08"]

1. e4 c6 2. d4 d5 3. e5 Bf5 4. Nf3 e6 5. Be2 Ne7 6. O-O Bg6 7. Nbd2 c5 8. c4
cxd4 9. Nxd4 Nec6 10. N2f3 dxc4 11. Bxc4 Be7 12. Be3 O-O 13. Rc1 Qa5 14. Qb3 Qb4
15. Rfd1 Rd8 16. a3 Qxb3 17. Bxb3 Be4 18. Ba4 Nxd4 19. Nxd4 Na6 20. b4 h6 21.
Bb3 Bd5 22. f4 Bxb3 23. Nxb3 Rxd1+ 24. Rxd1 Rc8 25. Bxa7 Rc3 26. Rb1 Nc7 27. Bd4
Rd3 28. Bc5 Kf8 29. a4 Nd5 30. Bxe7+ Kxe7 31. Nc5 Ra3 32. a5 b6 33. axb6 Nxb6
34. g3 Nd5 35. b5 Nc3 36. Rb2 Ra1+ 37. Kg2 Nd1 38. b6 Ra8 39. b7 Rb8 40. Rb3 1-0

[Event "PRO League Group Stage"]
[Site "chess.com INT"]
[Date "2019.03.06"]
[Round "9"]
[White "Heimann, Alexander"]
[Black "Durarbayli, Vasif"]
[Result "1-0"]
[BlackTitle "GM"]
[WhiteElo "2271"]
[BlackElo "2620"]
[WhiteTeam "Pittsburgh Pawngrabbers"]
[BlackTeam "Webster Windmills"]
[WhiteFideId "2006073"]
[BlackFideId "13402935"]
[EventDate "2019.01.08"]

1. e4 e5 2. Nc3 Nc6 3. Bc4 Nf6 4. d3 Na5 5. Bb3 Bb4 6. Ne2 O-O 7. O-O c6 8. Bg5
h6 9. Bh4 Be7 10. Bg3 d6 11. f4 Ng4 12. Qd2 Qb6+ 13. Kh1 Qe3 14. Qe1 Nxb3 15.
axb3 Qc5 16. Qd2 h5 17. h3 h4 18. Be1 exf4 19. hxg4 g5 20. b4 Qe5 21. Ra5 b5 22.
d4 Qh8 23. d5 c5 24. bxc5 Bxg4 25. Nxb5 dxc5 26. d6 Bd8 27. Nc7 Rb8 28. Rxc5
Rxb2 29. Nxf4 gxf4 30. Qxf4 f5 31. exf5 Qh5 32. f6 Rxf6 33. Rg5+ Kh8 34. Rxh5+
Bxh5 35. Bc3 1-0

[Event "PRO League Group Stage"]
[Site "chess.com INT"]
[Date "2019.03.06"]
[Round "9"]
[White "Haria, Ravi"]
[Black "Zhigalko, Sergei"]
[Result "0-1"]
[WhiteTitle "IM"]
[BlackTitle "GM"]
[WhiteElo "2450"]
[BlackElo "2604"]
[WhiteTeam "London Lions"]
[BlackTeam "New York Marshalls"]
[WhiteFideId "415820"]
[BlackFideId "13502956"]
[EventDate "2019.01.08"]

1. Nf3 d5 2. g3 c6 3. Bg2 Bg4 4. h3 Bh5 5. O-O e6 6. d4 Nf6 7. c4 Be7 8. cxd5
exd5 9. Qb3 Qb6 10. Qe3 Qd8 11. Qb3 Qb6 12. Qe3 Qc7 13. Nh4 Bg6 14. Nc3 O-O 15.
Nxg6 hxg6 16. Qd3 Nbd7 17. Bg5 Rfe8 18. h4 Nf8 19. Bf3 Ne6 20. Be3 Rad8 21. Rac1
Qb8 22. Na4 b5 23. Nc5 Bxc5 24. dxc5 a5 25. Bd2 a4 26. Ba5 Rd7 27. Rfd1 Rde7 28.
Kg2 Nd7 29. Bb4 Ne5 30. Qe3 d4 31. Qd2 d3 32. Bc3 Nxf3 33. exf3 Rd7 34. h5 gxh5
35. Rh1 Rd5 36. Rh4 Nxc5 37. Rch1 Re2 38. Qc1 d2 39. Qd1 Qe8 40. Rxh5 Rxh5 41.
Rxh5 Nd3 42. Bd4 Nxf2 43. Qb1 Nd3+ 44. Kh3 Qd7+ 0-1

[Event "PRO League Group Stage"]
[Site "chess.com INT"]
[Date "2019.03.06"]
[Round "9"]
[White "Edouard, Romain"]
[Black "Moranda, Wojciech"]
[Result "0-1"]
[WhiteTitle "GM"]
[BlackTitle "GM"]
[WhiteElo "2643"]
[BlackElo "2593"]
[WhiteTeam "London Lions"]
[BlackTeam "New York Marshalls"]
[WhiteFideId "633429"]
[BlackFideId "1122401"]
[EventDate "2019.01.08"]

1. d4 Nf6 2. c4 g6 3. g3 Bg7 4. Bg2 O-O 5. Nc3 d6 6. Nf3 Nc6 7. O-O e5 8. dxe5
Nxe5 9. Nxe5 dxe5 10. Qxd8 Rxd8 11. Bg5 Rd4 12. Be3 Rxc4 13. Rfd1 Be6 14. Bxb7
Rb8 15. Ba6 Rcb4 16. b3 Bf8 17. f3 c5 18. Rac1 h6 19. Kf2 e4 20. Na4 c4 21. Bxc4
Bxc4 22. Rxc4 Rxc4 23. bxc4 exf3 24. exf3 Rb4 25. Nc5 Rxc4 26. Rd8 Rc2+ 27. Kg1
Kg7 28. Rc8 Bxc5 29. Rxc5 Rxa2 30. Bd4 Ra6 31. Rc7 g5 32. g4 Kg6 33. Kf2 Ra2+
34. Kg3 Nd5 35. Rxa7 Rd2 36. Ra4 Nf4 37. Ra6+ Kh7 38. Bf2 Ne2+ 39. Kg2 Nf4+ 40.
Kg3 Ne2+ 41. Kg2 Nf4+ 42. Kg3 h5 43. gxh5 f5 44. h6 Ng6 45. Ra3 Kxh6 46. Rb3 Kh5
47. Kg2 Nf4+ 48. Kg3 Ng6 49. Kg2 Nf4+ 50. Kg3 Ne2+ 51. Kg2 Nc1 52. Rb1 Nd3 53.
Rf1 f4 54. Kg1 g4 55. fxg4+ Kxg4 56. Bd4 f3 57. Bf2 Kh3 58. Bg3 Rg2+ 59. Kh1 f2
60. Rd1 Rxg3 61. Rf1 Re3 0-1

[Event "PRO League Group Stage"]
[Site "chess.com INT"]
[Date "2019.03.06"]
[Round "9"]
[White "Azarov, Sergei"]
[Black "Haydon, David L"]
[Result "1-0"]
[WhiteTitle "GM"]
[BlackTitle "FM"]
[WhiteElo "2575"]
[BlackElo "2294"]
[WhiteTeam "New York Marshalls"]
[BlackTeam "London Lions"]
[WhiteFideId "13501470"]
[BlackFideId "415405"]
[EventDate "2019.01.08"]

1. e4 c6 2. d4 d5 3. e5 Bf5 4. Nf3 e6 5. Be2 Ne7 6. O-O Nd7 7. Nh4 h6 8. Nxf5
Nxf5 9. c3 h5 10. Nd2 g6 11. Bd3 Be7 12. g3 c5 13. Nf3 c4 14. Bxf5 gxf5 15. h4
b5 16. Bg5 Nf8 17. a4 Bxg5 18. Nxg5 a6 19. axb5 axb5 20. Rxa8 Qxa8 21. Qa1 Qb8
22. Qa3 Nh7 23. Nh3 Nf8 24. Ra1 Nd7 25. Qb4 f6 26. Ra6 Kf7 27. exf6 Re8 28. Ra5
Kxf6 29. Rxb5 Qc7 30. Nf4 Rg8 31. Kf1 Rg4 32. Rb7 Qc6 33. Nxh5+ Kg6 34. Qe7 1-0